| 000 | 01882nac a22003371u 4500 | ||
|---|---|---|---|
| 010 | _a 2005022419 | ||
| 020 | _a0521858356 (hbk.) | ||
| 020 | _a0521675049 (pbk.) | ||
| 020 | _a9780521858359 | ||
| 020 | _a9780521675048 | ||
| 035 | _a(OCoLC)ocm61278447 | ||
| 082 | 0 | 0 |
_a327.101 _bLIN |
| 090 |
_c8609 _d8609 |
||
| 100 | _aLinklater, Andrew. | ||
| 245 | 1 | 4 |
_aThe English school of international relations : _ba contemporary reassessment / _cAndrew Linklater and Hidemi Suganami. |
| 260 |
_aCambridge, UK ; _aNew York : _bCambridge University Press,C.2006. _cC.2006. |
||
| 300 |
_aix, 302 p. ; _c24 cm. |
||
| 440 | 0 |
_aCambridge studies in international relations ; _v102 |
|
| 500 | _aDistributer: Baccah. | ||
| 504 | _aIncludes bibliographical references (p. 273-291) and index. | ||
| 505 | 0 | _aThe idea of 'the English school' as a historical construct -- The argument of the English school -- The English school on 'international relations as an intellectual pursuit -- Progress and its limits : system, society and community in world politics -- Cosmopolitanism and the harm principle in world politics -- The sociology of states-systems -- The good international citizen and the transformation of international society. | |
| 511 | _aCatalogued By: Mahitab. | ||
| 610 | 2 | 0 | _aInternational Society. |
| 650 | 0 |
_aInternational relations _xStudy and teaching. |
|
| 700 | 1 | _aSuganami, Hidemi. | |
| 856 | 4 | 1 |
_3Table of contents _uhttp://www.loc.gov/catdir/toc/ecip0517/2005022419.html |
| 856 | 4 | 1 |
_3Publisher description _uhttp://www.loc.gov/catdir/enhancements/fy0633/2005022419-d.html |
| 856 | 4 | 1 |
_3Contributor biographical information _uhttp://www.loc.gov/catdir/enhancements/fy0733/2005022419-b.html |
| 942 |
_cBB _k327.101LIN |
||
| 999 |
_c8609 _d8609 |
||